[Event "Nuremberg Zabo op 20th"]
[Site "Nuremberg"]
[Date "2018.09.15"]
[Round "2"]
[White "Thoma, Dirk"]
[Black "Raukamp, Benedikt"]
[Result "1-0"]
[WhiteElo "1563"]
[BlackElo "1203"]
[PlyCount "44"]
[EventDate "2018.09.15"]
[EventType "swiss"]
[EventRounds "5"]
[EventCountry "GER"]
[SourceTitle "EXT 2020"]
[Source "ChessBase"]
[SourceDate "2019.10.17"]
[SourceVersion "1"]
[SourceVersionDate "2019.10.17"]
[SourceQuality "1"]

1. d4 Nf6 2. c4 d5 3. Nf3 dxc4 4. e3 Bg4 5. Bxc4 e6 6. 0-0 c6 7. Nbd2 Nbd7 8. a3 Qc7 9. h3 Bh5 10. Re1 0-0-0 11. b4 Nb6 12. Be2 Nbd5 13. Bb2 h6 14. Rc1 Bd6 15. Nc4 g5 16. Nxd6+ Qxd6 17. Ne5 Bxe2 18. Qxe2 Rh7 19. b5 Kb8 20. bxc6 b6 21. Qa6 Rd7 22. cxd7 Nxd7 1-0

[Event "Mittelfranken-chTB2b 1516"]
[Site "Mittelfranken"]
[Date "2016.04.03"]
[Round "8.7"]
[White "Thoma, Dirk"]
[Black "Driedger, Klaus"]
[Result "0-1"]
[WhiteElo "1494"]
[BlackElo "1536"]
[PlyCount "98"]
[EventDate "2015.10.18"]
[EventType "team-tourn"]
[EventRounds "9"]
[EventCountry "GER"]
[SourceTitle "EXT 2020"]
[Source "ChessBase"]
[SourceDate "2019.10.17"]
[SourceVersion "1"]
[SourceVersionDate "2019.10.17"]
[SourceQuality "1"]
[WhiteTeam "Nuernberg NT IV"]
[BlackTeam "Forchheim III"]
[WhiteTeamCountry "GER"]
[BlackTeamCountry "GER"]

1. d4 e6 2. c4 d5 3. Nf3 Nf6 4. Bg5 Be7 5. e3 b6 6. Bd3 dxc4 7. Bxc4 0-0 8. Qe2 Bb7 9. 0-0 Ne4 10. Bxe7 Qxe7 11. Rd1 Rd8 12. a3 Nd7 13. Nbd2 Ndf6 14. Bd3 Nxd2 15. Rxd2 Rd6 16. Rc1 Rc8 17. Rdc2 Bxf3 18. gxf3 Ne8 19. Rc6 Rcd8 20. f4 Rxc6 21. Rxc6 Rd6 22. Qc2 g6 23. Be4 a5 24. Rc3 Qh4 25. Bf3 g5 26. Qe4 Rd5 27. Qd3 Rd8 28. f5 e5 29. Qb5 exd4 30. exd4 Qxd4 31. Rc4 Qd6 32. Rg4 h6 33. Qe2 Qd3 34. Qxd3 Rxd3 35. Bc6 Nf6 36. Rc4 Rd2 37. b4 axb4 38. axb4 Re2 39. f3 Kf8 40. Bb5 Re7 41. Rd4 Nh5 42. Kf2 Re5 43. Bd7 Nf6 44. Bc8 Ke7 45. h3 Rd5 46. Rc4 Kd6 47. Ke3 c5 48. bxc5+ Rxc5 49. Ra4 Rxc8 0-1

[Event "Mittelfranken Mitte-ch 1112"]
[Site "Zirndorf"]
[Date "2012.01.05"]
[Round "1"]
[White "Thoma, Dirk"]
[Black "Leis, Stefan"]
[Result "0-1"]
[WhiteElo "1466"]
[BlackElo "1862"]
[PlyCount "48"]
[EventDate "2012.01.05"]
[EventType "swiss"]
[EventRounds "7"]
[EventCountry "GER"]
[SourceTitle "EXT 2015"]
[Source "ChessBase"]
[SourceDate "2014.11.20"]
[SourceVersion "1"]
[SourceVersionDate "2014.11.20"]
[SourceQuality "1"]

1. Nf3 g6 2. d4 f5 3. c4 Nf6 4. Nc3 Bg7 5. e3 d6 6. Be2 Nc6 7. 0-0 0-0 8. d5 Ne5 9. h3 c6 10. Rb1 Nf7 11. b3 Qa5 12. Qc2 Bd7 13. b4 Qc7 14. Qb3 g5 15. Nd4 g4 16. Ne6 Bxe6 17. dxe6 Ng5 18. e4 Ngxe4 19. Nxe4 Nxe4 20. Bf4 Qc8 21. c5 d5 22. Bd3 Qxe6 23. Bxe4 fxe4 24. Bg3 gxh3 0-1

[Event "Mittelfranken Mitte-ch 1011"]
[Site "Zirndorf"]
[Date "2011.01.09"]
[Round "6"]
[White "Petrashov, Alexander"]
[Black "Thoma, Dirk"]
[Result "1-0"]
[WhiteElo "1495"]
[BlackElo "1483"]
[PlyCount "95"]
[EventDate "2011.01.06"]
[EventType "swiss"]
[EventRounds "7"]
[EventCountry "GER"]
[SourceTitle "EXT 2015"]
[Source "ChessBase"]
[SourceDate "2014.11.20"]
[SourceVersion "1"]
[SourceVersionDate "2014.11.20"]
[SourceQuality "1"]

1. d4 d5 2. c4 e6 3. Nc3 Nf6 4. Nf3 Nbd7 5. Bg5 Be7 6. e3 Ne4 7. Bxe7 Qxe7 8. cxd5 Nxc3 9. bxc3 exd5 10. Bd3 Nf6 11. 0-0 0-0 12. Qc2 Ne4 13. Nd2 f5 14. Nf3 b6 15. Ne5 Qg5 16. f4 Qh4 17. Rf3 Qd8 18. c4 Bb7 19. cxd5 Bxd5 20. Bc4 Kh8 21. Rh3 Rf6 22. Bxd5 Qxd5 23. Rc1 Rc8 24. Qc4 Qxc4 25. Rxc4 c5 26. dxc5 bxc5 27. Rc2 Rd8 28. Rf3 Rc8 29. Rf1 Ra6 30. Rb1 Rxa2 31. Rxa2 Nc3 32. Rab2 Nxb1 33. Rxb1 h6 34. Rc1 a5 35. Nc4 Ra8 36. Ra1 a4 37. Nb6 Ra6 38. Nxa4 c4 39. Ra2 Kg8 40. Nc3 Rc6 41. Kf2 g5 42. fxg5 hxg5 43. e4 fxe4 44. Nxe4 c3 45. Rc2 g4 46. Rxc3 Ra6 47. Kg3 Rg6 48. Nf2 1-0

[Event "Mittelfranken-chTB2b 1011"]
[Site "Germany"]
[Date "2010.12.05"]
[Round "4.8"]
[White "Junker, Christian"]
[Black "Thoma, Dirk"]
[Result "1-0"]
[WhiteElo "1714"]
[BlackElo "1500"]
[PlyCount "123"]
[EventDate "2010.09.26"]
[EventType "team-tourn"]
[EventRounds "9"]
[EventCountry "GER"]
[SourceTitle "EXT 2012"]
[Source "ChessBase"]
[SourceDate "2011.11.24"]
[SourceVersion "1"]
[SourceVersionDate "2011.11.24"]
[SourceQuality "1"]
[WhiteTeam "Neumarkt"]
[BlackTeam "Nuernberg NT IV"]
[WhiteTeamCountry "GER"]
[BlackTeamCountry "GER"]

1. e4 c5 2. Nf3 d6 3. d4 cxd4 4. Nxd4 Nf6 5. Nc3 a6 6. a4 Qc7 7. Be2 b6 8. Be3 Bb7 9. f3 e6 10. 0-0 Nbd7 11. Nb3 Be7 12. Qd2 0-0 13. Rfd1 Rfd8 14. Bf4 Nc5 15. Nxc5 Qxc5+ 16. Be3 Qc7 17. Qd4 Nd7 18. Qb4 Nc5 19. Qa3 d5 20. b4 Nd7 21. exd5 Bxd5 22. Nxd5 exd5 23. Qb3 Bf6 24. Bd4 Bxd4+ 25. Rxd4 Qe5 26. Qd3 Rac8 27. Rd1 Nf6 28. c4 Re8 29. Bf1 dxc4 30. Rxc4 Rxc4 31. Qxc4 Qe3+ 32. Kh1 a5 33. bxa5 bxa5 34. Qd4 Qe7 35. Bb5 Qe1+ 36. Qg1 Qxg1+ 37. Kxg1 Rb8 38. Rd6 g6 39. Ra6 Rb7 40. Rxa5 Nd5 41. Kf2 Re7 42. Ra8+ Kg7 43. Re8 Ra7 44. Rd8 Nc3 45. Rd4 Nxb5 46. axb5 Ra2+ 47. Ke3 Rb2 48. Rd5 Rb3+ 49. Kd4 Rb2 50. Kc5 Rxg2 51. b6 Rxh2 52. b7 Rb2 53. Kc6 Rxb7 54. Kxb7 h5 55. Kc6 h4 56. Kd6 Kf6 57. f4 Kg7 58. Ke5 f6+ 59. Ke4 Kh6 60. Kf3 f5 61. Rd8 Kg7 62. Kg2 1-0

[Event "Mittelfranken Mitte-ch 0910"]
[Site "Zirndorf"]
[Date "2010.01.09"]
[Round "7"]
[White "Thoma, Dirk"]
[Black "Meulner, Fabian"]
[Result "1-0"]
[WhiteElo "1643"]
[BlackElo "1255"]
[PlyCount "101"]
[EventDate "2010.01.03"]
[EventType "swiss"]
[EventRounds "7"]
[EventCountry "GER"]
[SourceTitle "EXT 2015"]
[Source "ChessBase"]
[SourceDate "2014.11.20"]
[SourceVersion "1"]
[SourceVersionDate "2014.11.20"]
[SourceQuality "1"]

1. d4 g6 2. Nf3 Bg7 3. c4 Nf6 4. Nc3 d5 5. e3 Nc6 6. cxd5 Nxd5 7. Bc4 Nb6 8. Bb3 0-0 9. 0-0 Re8 10. Ng5 e6 11. Nf3 Na5 12. Bc2 Nbc4 13. b3 Nb6 14. Rb1 Nc6 15. Ba3 Nd5 16. Nxd5 exd5 17. h3 b6 18. Bd3 a5 19. Re1 Nb4 20. Bxb4 axb4 21. Qe2 c5 22. Qc2 Bf8 23. Ne5 Bb7 24. Bb5 Re6 25. dxc5 Rxe5 26. c6 Rc8 27. Rbc1 Bc5 28. cxb7 Rc7 29. Ba6 Bd6 30. Qd2 Rc5 31. Rxc5 bxc5 32. f4 Rh5 33. Kh2 Qh4 34. Be2 Rg5 35. Bf3 Qg3+ 36. Kg1 Qxf3 37. Kh1 Qg3 38. Rf1 Bb8 39. Rf3 Qh4 40. fxg5 Qxg5 41. Qf2 Qe5 42. g3 Qe4 43. Kh2 f5 44. Rf4 Bxf4 45. gxf4 Qe8 46. Qf3 Qd8 47. b8Q Qxb8 48. Qxd5+ Kg7 49. Qxc5 Qb7 50. Kg3 Kh6 51. Qf8+ 1-0

[Event "Mittelfranken Mitte-ch 0910"]
[Site "Zirndorf"]
[Date "2010.01.03"]
[Round "2"]
[White "Muenzenberg, Dietrich"]
[Black "Thoma, Dirk"]
[Result "1-0"]
[WhiteElo "1691"]
[BlackElo "1643"]
[PlyCount "89"]
[EventDate "2010.01.03"]
[EventType "swiss"]
[EventRounds "7"]
[EventCountry "GER"]
[SourceTitle "EXT 2015"]
[Source "ChessBase"]
[SourceDate "2014.11.20"]
[SourceVersion "1"]
[SourceVersionDate "2014.11.20"]
[SourceQuality "1"]

1. d4 d5 2. Bg5 Nf6 3. Bxf6 gxf6 4. e3 e5 5. c4 exd4 6. Qxd4 Bb4+ 7. Nc3 c5 8. Qxd5 Bxc3+ 9. bxc3 Qxd5 10. cxd5 Bf5 11. f3 0-0 12. e4 Bd7 13. Rb1 b6 14. Kf2 Rc8 15. c4 Na6 16. a3 Nc7 17. Bd3 Rab8 18. Ne2 b5 19. Nf4 b4 20. axb4 Rxb4 21. Rxb4 cxb4 22. Nh5 Ne8 23. Ra1 Rc7 24. Ke3 Rb7 25. c5 Bb5 26. c6 Rb6 27. Nxf6+ Nxf6 28. c7 Bd7 29. Rxa7 Kg7 30. Ra8 b3 31. Rb8 Rd6 32. Rxb3 Ne8 33. Rc3 Bc8 34. Bb5 Kf8 35. Kd4 Rh6 36. h3 Nd6 37. Bc6 Rg6 38. g4 h5 39. gxh5 Rh6 40. e5 Nf5+ 41. Ke4 Rxh5 42. d6 Be6 43. d7 Ng3+ 44. Ke3 Nf5+ 45. Kf2 1-0

[Event "Nuremberg Zabo op 11th"]
[Site "Nuremberg"]
[Date "2009.09.20"]
[Round "4"]
[White "Thoma, Dirk"]
[Black "Nuesslein, Christian"]
[Result "0-1"]
[WhiteElo "1450"]
[BlackElo "1662"]
[PlyCount "132"]
[EventDate "2009.09.18"]
[EventType "swiss"]
[EventRounds "5"]
[EventCountry "GER"]
[SourceTitle "EXT 2012"]
[Source "ChessBase"]
[SourceDate "2011.11.24"]
[SourceVersion "1"]
[SourceVersionDate "2011.11.24"]
[SourceQuality "1"]

1. d4 Nf6 2. Nf3 g6 3. c4 d5 4. h3 Bg7 5. Nc3 0-0 6. Bf4 c6 7. e3 Nbd7 8. Bd3 dxc4 9. Bxc4 Qa5 10. 0-0 Nb6 11. Bd3 Nbd5 12. Nxd5 Nxd5 13. Bg3 Nb4 14. Bc4 c5 15. a3 Nc6 16. Qe2 cxd4 17. b4 Qd8 18. Rad1 e5 19. exd4 Nxd4 20. Qe3 Nxf3+ 21. Qxf3 Qf6 22. Qe3 Be6 23. Be2 a5 24. b5 a4 25. Qb6 Qe7 26. Rd6 Rfd8 27. Rfd1 Rxd6 28. Rxd6 Rc8 29. Bf3 Rc7 30. Kh2 Bc8 31. Bd5 Rd7 32. Rxd7 Qxd7 33. Bf3 Qe7 34. Qe3 f6 35. Bd1 Bf8 36. Bxa4 Qxa3 37. Qb3+ Qxb3 38. Bxb3+ Kg7 39. f3 Bc5 40. Bc4 Bd7 41. Bd5 b6 42. Bc6 Be6 43. f4 exf4 44. Bxf4 Kf7 45. Bc7 Ke7 46. Kh1 Bc4 47. Bg3 Bd6 48. Bf2 Bc7 49. Bd4 f5 50. Kg1 Ke6 51. Kf2 Bd5 52. g4 fxg4 53. hxg4 Bxc6 54. bxc6 Kd6 55. Kf3 Kxc6 56. Ke4 b5 57. Bg7 Bd6 58. Bh6 Kc5 59. Kd3 Kd5 60. Bd2 b4 61. Bc1 Be5 62. Kc2 Bc3 63. g5 Ke4 64. Kb3 Kf5 65. Be3 Be1 66. Bc1 Bh4 0-1

[Event "Nuremberg LGA Cup 6th"]
[Site "Nuremberg"]
[Date "2009.09.06"]
[Round "7"]
[White "Thoma, Dirk"]
[Black "Matuschek, Thomas"]
[Result "1/2-1/2"]
[WhiteElo "1641"]
[BlackElo "1762"]
[PlyCount "44"]
[EventDate "2009.09.03"]
[EventType "swiss"]
[EventRounds "7"]
[EventCountry "GER"]
[SourceTitle "CBM 132 Extra"]
[Source "ChessBase"]
[SourceDate "2009.11.03"]
[SourceVersion "1"]
[SourceVersionDate "2009.11.03"]
[SourceQuality "1"]

1. d4 Nf6 2. Nf3 e6 3. Bg5 Be7 4. e3 d5 5. Bd3 a6 6. c4 dxc4 7. Bxc4 b5 8. Be2 Bb7 9. Nbd2 Nbd7 10. 0-0 0-0 11. Rc1 Rc8 12. Bd3 h6 13. Bh4 c5 14. dxc5 Nxc5 15. Bb1 Na4 16. Rxc8 Qxc8 17. b3 Nc3 18. Qc2 Nxb1 19. Qxb1 Nd5 20. Bxe7 Nxe7 21. Rc1 Qa8 22. e4 Rc8 1/2-1/2

[Event "Nuremberg LGA Cup 6th"]
[Site "Nuremberg"]
[Date "2009.09.05"]
[Round "5"]
[White "Schloetterer, Hermann"]
[Black "Thoma, Dirk"]
[Result "1-0"]
[WhiteElo "1977"]
[BlackElo "1641"]
[PlyCount "105"]
[EventDate "2009.09.03"]
[EventType "swiss"]
[EventRounds "7"]
[EventCountry "GER"]
[SourceTitle "CBM 132 Extra"]
[Source "ChessBase"]
[SourceDate "2009.11.03"]
[SourceVersion "1"]
[SourceVersionDate "2009.11.03"]
[SourceQuality "1"]

1. d4 d5 2. g3 Bf5 3. Bg2 Nf6 4. Nf3 e6 5. Nh4 Bg6 6. Nxg6 hxg6 7. c4 c6 8. Nc3 Nbd7 9. cxd5 exd5 10. 0-0 Be7 11. Qb3 Qb6 12. Qxb6 Nxb6 13. Re1 0-0 14. a3 Rad8 15. b3 Rfe8 16. Bb2 Bd6 17. e3 Re7 18. Rac1 Rde8 19. Rc2 Nbd7 20. Rce2 Nf8 21. e4 dxe4 22. Nxe4 Nxe4 23. Rxe4 Rxe4 24. Rxe4 Rxe4 25. Bxe4 f5 26. Bd3 b5 27. d5 cxd5 28. Bxb5 Bc5 29. Bc6 d4 30. Bd5+ Kh7 31. b4 Bb6 32. a4 a5 33. bxa5 Bxa5 34. Bxd4 Nd7 35. Kf1 Nf6 36. Bc6 Kh6 37. Ke2 g5 38. f3 Kg6 39. Kd3 f4 40. g4 Kf7 41. Kc4 Ke6 42. h3 Kd6 43. Kb5 Bc7 44. Bc5+ Ke5 45. Bb6 Bb8 46. Bd8 Kd6 47. Bb6 Nd5 48. Bc5+ Ke6 49. Ka6 Ne3 50. Kb7 Bd6 51. Bd4 Bf8 52. a5 Nc4 53. a6 1-0

[Event "Mittelfranken Mitte-ch 0809"]
[Site "Zirndorf"]
[Date "2009.01.10"]
[Round "4"]
[White "Thoma, Dirk"]
[Black "Kleist, Werner"]
[Result "0-1"]
[WhiteElo "1526"]
[BlackElo "1278"]
[PlyCount "140"]
[EventDate "2009.01.06"]
[EventType "swiss"]
[EventRounds "7"]
[EventCountry "GER"]
[SourceTitle "EXT 2015"]
[Source "ChessBase"]
[SourceDate "2014.11.20"]
[SourceVersion "1"]
[SourceVersionDate "2014.11.20"]
[SourceQuality "1"]

1. d4 d5 2. Nf3 Nf6 3. Bg5 e6 4. e3 Be7 5. Bd3 Nbd7 6. Nbd2 h6 7. Bh4 c5 8. c4 Ne4 9. Bxe7 Qxe7 10. Nxe4 dxe4 11. Bxe4 Nf6 12. Bc2 0-0 13. 0-0 Rd8 14. Qb1 Kh8 15. Ne5 Qc7 16. f4 cxd4 17. Rd1 Kg8 18. Rxd4 Rxd4 19. exd4 Bd7 20. b3 Rc8 21. Qe1 b6 22. Nxd7 Qxd7 23. Rd1 Qc7 24. Qe5 Qe7 25. h3 Qa3 26. Bb1 Qe7 27. Qe1 a5 28. d5 Qc5+ 29. Kh1 exd5 30. cxd5 Nxd5 31. Qe4 Nf6 32. Qe3 g6 33. Kh2 Kg7 34. a4 Re8 35. Qd4 Rc8 36. Qxc5 Rxc5 37. Rd6 b5 38. Bd3 b4 39. Bc4 Rh5 40. Kg1 Rc5 41. Rb6 Ne4 42. Rb5 h5 43. Rxc5 Nxc5 44. Kf1 h4 45. Ke2 f5 46. Bd5 Kf6 47. Ke3 g5 48. fxg5+ Kxg5 49. Kd4 Nd7 50. Be6 Nf6 51. Kc5 Kf4 52. Kb6 Ne4 53. Bd7 Nd2 54. Be6 Ke5 55. Bg8 Nf1 56. Kxa5 Ne3 57. Kxb4 Nxg2 58. Bc4 f4 59. Kc5 f3 60. Bd5 Kf4 61. Kd4 Kg3 62. Bc4 Kxh3 63. Ke4 Kg3 64. Kf5 Ne3+ 65. Ke6 Nxc4 66. bxc4 f2 67. c5 f1Q 68. Kd6 Qd3+ 69. Kc6 h3 70. Kb7 h2 0-1

[Event "Mittelfranken Mitte-ch 0809"]
[Site "Zirndorf"]
[Date "2009.01.06"]
[Round "1"]
[White "Woerl, Richard"]
[Black "Thoma, Dirk"]
[Result "1-0"]
[WhiteElo "1911"]
[BlackElo "1526"]
[PlyCount "65"]
[EventDate "2009.01.06"]
[EventType "swiss"]
[EventRounds "7"]
[EventCountry "GER"]
[SourceTitle "EXT 2015"]
[Source "ChessBase"]
[SourceDate "2014.11.20"]
[SourceVersion "1"]
[SourceVersionDate "2014.11.20"]
[SourceQuality "1"]

1. e4 c5 2. c3 d5 3. exd5 Qxd5 4. d4 Bf5 5. Nf3 e6 6. Bb5+ Nc6 7. 0-0 Bxb1 8. Rxb1 Nf6 9. Be3 c4 10. Qa4 Bd6 11. Ne5 Bxe5 12. dxe5 Nd7 13. Rbd1 Qxe5 14. Bxc6 bxc6 15. Qxc6 Rd8 16. Rd6 0-0 17. Rxd7 Rb8 18. Rfd1 h6 19. Qxc4 Rxb2 20. Rxa7 Qb8 21. h3 Rc8 22. Qa4 Rb1 23. Rxb1 Qxb1+ 24. Kh2 Qd3 25. Qd4 Qb5 26. Qd7 Qxd7 27. Rxd7 Rxc3 28. a4 Ra3 29. Rd8+ Kh7 30. Ra8 Ra2 31. a5 Kg6 32. a6 Kf6 33. a7 1-0

[Event "Nuremberg LGA Cup 5th"]
[Site "Nuremberg"]
[Date "2008.09.04"]
[Round "1.72"]
[White "Osmanovic, Faruk"]
[Black "Thoma, Dirk"]
[Result "1-0"]
[WhiteElo "2132"]
[BlackElo "1622"]
[PlyCount "49"]
[EventDate "2008.09.04"]
[EventType "swiss"]
[EventRounds "7"]
[EventCountry "GER"]
[SourceTitle "EXT 2022"]
[Source "ChessBase"]
[SourceDate "2021.10.06"]
[SourceVersion "1"]
[SourceVersionDate "2021.10.06"]
[SourceQuality "1"]

1. e4 c5 2. Nf3 e6 3. d4 cxd4 4. Nxd4 Nf6 5. Nc3 a6 6. e5 Nd5 7. Nxd5 exd5 8. Bd3 Nc6 9. Nxc6 dxc6 10. 0-0 Qh4 11. g3 Qh3 12. Re1 Bg4 13. Be2 Bxe2 14. Qxe2 Bc5 15. Be3 Bxe3 16. Qxe3 0-0 17. Rad1 Rad8 18. Rd4 Qd7 19. c4 Qe6 20. Red1 c5 21. Rxd5 Rxd5 22. Rxd5 Qb6 23. b3 Rc8 24. Rd7 Rd8 25. Qxc5 1-0

[Event "Mittelfranken Mitte-ch 0708"]
[Site "Zirndorf"]
[Date "2008.01.19"]
[Round "7"]
[White "Thoma, Dirk"]
[Black "Sidorov, Alexey"]
[Result "1/2-1/2"]
[WhiteElo "1488"]
[BlackElo "1367"]
[PlyCount "60"]
[EventDate "2008.01.04"]
[EventType "swiss"]
[EventRounds "7"]
[EventCountry "GER"]
[SourceTitle "EXT 2015"]
[Source "ChessBase"]
[SourceDate "2014.11.20"]
[SourceVersion "1"]
[SourceVersionDate "2014.11.20"]
[SourceQuality "1"]

1. d4 d5 2. Nf3 Bf5 3. c4 e6 4. Nc3 dxc4 5. e3 Nf6 6. Bxc4 Nbd7 7. a3 Bd6 8. b4 Nb6 9. Ba2 0-0 10. 0-0 a5 11. b5 Qd7 12. Ne5 Qc8 13. f3 Rd8 14. Qb3 a4 15. Qb2 h6 16. e4 Bh7 17. Be3 Qb8 18. Rac1 Nfd7 19. Nxd7 Rxd7 20. e5 Be7 21. Ne4 Nd5 22. Bxd5 exd5 23. Nc5 Rd8 24. Qc3 Qc8 25. Nd3 Qd7 26. Rb1 Ra5 27. b6 cxb6 28. Rxb6 Rb5 29. Rxb5 Qxb5 30. Nb4 Bf5 1/2-1/2

[Event "Mittelfranken-ch QT 55th"]
[Site "Postbauer"]
[Date "2006.04.14"]
[Round "5"]
[White "Babichev, Vyacheslav"]
[Black "Thoma, Dirk"]
[Result "0-1"]
[WhiteElo "1697"]
[BlackElo "1595"]
[PlyCount "142"]
[EventDate "2006.04.12"]
[EventType "swiss"]
[EventRounds "7"]
[EventCountry "GER"]
[SourceTitle "EXT 2015"]
[Source "ChessBase"]
[SourceDate "2014.11.20"]
[SourceVersion "1"]
[SourceVersionDate "2014.11.20"]
[SourceQuality "1"]

1. e4 c5 2. c3 d5 3. e5 d4 4. Bc4 e6 5. d3 Nc6 6. Nf3 a6 7. a3 b5 8. Ba2 g6 9. Bg5 Be7 10. Bf4 h6 11. cxd4 Nxd4 12. Nxd4 Qxd4 13. Qd2 g5 14. Bg3 Bb7 15. 0-0 g4 16. Nc3 Bg5 17. Qc2 Ne7 18. Ne2 Qd8 19. Rad1 Qc7 20. b4 Qc6 21. f3 Be3+ 22. Kh1 Nf5 23. d4 gxf3 24. Rxf3 Nxg3+ 25. Nxg3 Qxf3 26. gxf3 Bxf3+ 27. Qg2 Bxg2+ 28. Kxg2 Bxd4 29. bxc5 Bxc5 30. Rd3 Rd8 31. Rxd8+ Kxd8 32. a4 b4 33. Bc4 a5 34. Kf3 Kc7 35. Ne4 Bd4 36. Kf4 Rg8 37. Nd2 Rg2 38. Nb3 Bb6 39. h3 Rf2+ 40. Ke4 Rc2 41. Bd3 Rc3 42. Nd2 b3 43. Nc4 Rc1 44. Nd6 Re1+ 45. Kf4 Be3+ 46. Kf3 Bb6 47. Nc4 Ra1 48. Kg4 Rxa4 49. Kh5 Rxc4 50. Bxc4 b2 51. Ba2 Be3 52. Kg4 Kb6 53. Kf3 Bc1 54. Ke4 Kc5 55. Kd3 Kb4 56. Kc2 a4 57. Bb1 a3 58. Ba2 Bf4 59. Bb1 Bxe5 60. Ba2 Bd6 61. Bb1 f5 62. Ba2 e5 63. Be6 f4 64. Bd5 Kc5 65. Bf3 Kd4 66. Kb1 e4 67. Bd1 e3 68. Kc2 Ke4 69. Be2 f3 70. Bd3+ Kd4 71. Bb5 e2 0-1